000 00781nam a2200229 i 4500
001 bg
245 0 0 _aRachunkowość zarządcza w arkuszu kalkulacyjnym /
_cSławomir Sojak [et al.].
260 _aToruń :
_bTowarzystwo Naukowe Organizacji i Kierownictwa "Dom Organizatora",
_c2004.
300 _a480 s. :
_brys., tab., wykr. ;
_c27 cm +
_eCD-ROM.
650 9 _aExcel
650 9 _aRachunkowość zarządcza
655 _aPodręczniki akademickie
700 1 _aSOJAK, Sławomir
_d(1952- )
020 _a8372851727
040 _cBPK
041 0 _apol
080 _a657:658.14/.17.012.4:004.42](075.8)
920 _a83-7285-172-7
942 _cKS
008 s pl f |000 0 pol
999 _c44197
_d44197
856 _uhttp://koha.tu.koszalin.pl/cgi-bin/koha/opac-detail.pl?biblionumber=44197
_yKatalog online BPK